Ciencia económica y economía de la ciencia : (Registro nro. 4777)

Detalles MARC
000 -LEADER
fixed length control field 01198nam a2200277Ia 4500
003 - CONTROL NUMBER IDENTIFIER
control field OSt
005 - DATE AND TIME OF LATEST TRANSACTION
control field 20200602132323.0
008 - FIXED-LENGTH DATA ELEMENTS--GENERAL INFORMATION
fixed length control field 191128t2001 sp fr 000 0dspa d
020 ## - INTERNATIONAL STANDARD BOOK NUMBER
International Standard Book Number 8437505070
040 ## - CATALOGING SOURCE
Original cataloging agency CO-JMCR
Transcribing agency CO-JMCR
041 0# - LANGUAGE CODE
Language code of text/sound track or separate title spa
082 04 - DEWEY DECIMAL CLASSIFICATION NUMBER
Classification number 330.01 /
Item number A958c
Edition number 23
100 1# - MAIN ENTRY--PERSONAL NAME
Personal name Ávila, Alfonso,
Relator term editor
9 (RLIN) 4904
245 10 - TITLE STATEMENT
Title Ciencia económica y economía de la ciencia :
Remainder of title reflexiones filosófico-metodológicas /
Statement of responsibility, etc. Alfonso Ávila, Wenceslao J. González y Gustavo Marqués editores
250 ## - EDITION STATEMENT
Edition statement Primera edición
260 ## - PUBLICATION, DISTRIBUTION, ETC.
Place of publication, distribution, etc. Madrid :
Name of publisher, distributor, etc. Fondo de Cultura Económica : Fundación Urrutia-Elejalde,
Date of publication, distribution, etc. ©2001
300 ## - PHYSICAL DESCRIPTION
Extent 288 páginas ;
Dimensions 21 cm.
490 0# - SERIES STATEMENT
Series statement Economía contemporánea
500 ## - GENERAL NOTE
General note Incluye índice de nombres.
505 0# - FORMATTED CONTENTS NOTE
Formatted contents note Contextualización temática -- Enfoques filosófico-metodológicos sobre la ciencia de la economía -- Explicaciones y leyes en la ciencia de la economía -- El ambito de la medición en la economía de la ciencia y en la ciencia
650 14 - SUBJECT ADDED ENTRY--TOPICAL TERM
Topical term or geographic name entry element Economía
9 (RLIN) 4905
650 14 - SUBJECT ADDED ENTRY--TOPICAL TERM
Topical term or geographic name entry element Ciencia de la economía
9 (RLIN) 4906
700 1# - ADDED ENTRY--PERSONAL NAME
Personal name González, Wenceslao J.,
Relator term editor
9 (RLIN) 4907
700 1# - ADDED ENTRY--PERSONAL NAME
Personal name Marqués, Gustavo,
Relator term editor
9 (RLIN) 4908
942 ## - ADDED ENTRY ELEMENTS (KOHA)
Source of classification or shelving scheme Dewey Decimal Classification
Koha item type Books
Existencias
Withdrawn status Lost status Source of classification or shelving scheme Damaged status Not for loan Collection code Home library Current library Date acquired Source of acquisition Cost, normal purchase price Total Checkouts Full call number Barcode Date last seen Copy number Koha item type
    Dewey Decimal Classification     Non-fiction Biblioteca Pública José María del Castillo y Rada Biblioteca Pública José María del Castillo y Rada 04/15/2018 Donación 0.00   330.01 / A958c 430000359 05/16/2024 Ej.1 Books